NFL Stat Leaders 2023-2024 - Statistics

General Stats
  • This quiz has been taken 892 times
  • The average score is 22 of 58
Answer Stats
Hint Answer % Correct
4183 Patrick Mahomes
95%
4306 Josh Allen
88%
17.5 Josh Allen
88%
4624 Tua Tagovailoa
80%
1799 Tyreek Hill
80%
1459 Christian McCaffrey
75%
1167 Derrick Henry
74%
19 T.J. Watt
72%
4574 Jared Goff
70%
1515 Amon-Ra St. Brown
69%
4516 Dak Prescott
68%
158 Roquan Smith
67%
1456 A.J. Brown
65%
4280 Brock Purdy
65%
1749 Ceedee Lamb
63%
4108 CJ Stroud
62%
14 Myles Garrett
59%
4044 Baker Mayfield
58%
4159 Jordan Love
55%
1144 Kyren Williams
52%
1486 Puka Nacua
52%
4016 Trevor Lawrence
51%
1122 James Cook
43%
1342 Brandon Aiyuk
41%
1255 Mike Evans
41%
1049 D'Andre Swift
40%
1015 David Montgomery
39%
1034 Joe Mixon
38%
1012 Raheem Mostert
38%
14 Micah Parsons
36%
1297 Nico Collins
35%
1035 Najee Harris
34%
9 DaRon Bland
32%
1364 DJ Moore
31%
1250 Amari Cooper
30%
183 Bobby Wagner
29%
1040 James Conner
26%
17 Khalil Mack
25%
17.5 Trey Hendrickson
25%
14.5 Maxx Crosby
23%
16.5 Danielle Hunter
21%
155 T.J. Edwards
13%
12.5 Montez Sweat
12%
5 Chavarius Ward
11%
6 Jessie Bates
11%
179 Zaire Franklin
10%
173 Foye Oluokun
8%
152 C.J. Mosley
7%
149 Bobby Okereke
6%
7 Geno Stone
6%
12.5 Jonathan Greenard
6%
13 Justin Madubuike
6%
177 Alex Singleton
5%
5 Derek Stingley Jr.
5%
163 Azeez Al-Shaair
3%
5 Rasul Douglas
3%
148 Robert Spillane
3%
4 (14 Tied)
0%
No matching quizzes found
Score Distribution
Percent of People with Each Score
Percentile by Number Answered
Your Score History
You have not taken this quiz